000 00497nam a2200181Ia 4500
001 2262
005 20260306143829.0
008 260306t1968||||xx |||||||||||||| ||spa||
041 _aESP
082 _a616.852
_bB85
100 _aBrun, Rudolf
_eAUT
245 0 _aTeoría general de las neurosis:
_bbiología, psicoanálisis y psicohigiene de los trastornos psicosomáticos
260 _c1968
300 _a429 páginas :
_c22 cm.
650 _aGEN
654 _aCPS
942 _cLIB
_dJUS
_fJUS
_2ddc
_n
999 _c2262
_d2262